| 000 | 01747ngm a22003730a 4500 | ||
|---|---|---|---|
| 001 | PT38787 | ||
| 003 | AR-LpoUNG | ||
| 005 | 20210202000534.0 | ||
| 007 | vd cvaizq | ||
| 008 | 191001s1952||||ag |||||||||||||||||spa d | ||
| 040 |
_aAR-LpoUNG _bspa _cAR-LpoUNG _eaacr |
||
| 041 | _aspa | ||
| 044 | _aag | ||
| 082 | 0 | _a302.54 555abr | |
| 100 | 1 |
_aChristensen, Carlos Hugo _edir. |
|
| 245 | 1 | 0 | _aNo abras nunca esa puerta |
| 260 |
_aBuenos Aires : _bArte Video, _c23 de mayo de 1952. |
||
| 300 | _aDVD (85 min.) : son., byn | ||
| 505 | 0 | _aDirección de producción: Julio Ferrando. - Jefe de Producción: Ángel Zavalía.- Asistente de Dirección: José Arturo Pimentel. - Fotografía: Pablo Tabernero. - Elenco: Ángel Magaña, Renée Dumas, Nicolás Fregues, Diana de Córdoba | |
| 520 | _aUn electrizante policial con dos episodios independientes que tienen en común la puerta que separa el bien del mal. En el primer segmento, "Alguien al teléfono", Ángel Magaña intenta vengar la muerte de su hermana, una muchacha que se suicida por deudas de juego. En el segundo, "El pájaro cantor vuelve al hogar", Roberto Escalada es un ex presidiario que silba cuando comete crímenes, y regresa al hogar donde lo espera su madre ciega, que lo cree regenerado. Un tercer cuento iba a ser incluido en este film pero por cuestiones de metraje quedó afuera y luego se convirtió en otra película: "Si muero antes de despertar". | ||
| 650 | 4 | _aARGENTINA | |
| 650 | 4 | _aCRIMENES | |
| 650 | 4 | _aPOLICIA | |
| 650 | 4 | _aRELACIONES HUMANAS | |
| 650 | 4 | _aVIOLENCIA | |
| 651 | 4 | _aArgentina | |
| 653 | _aCINE | ||
| 653 | _aCINE NACIONAL | ||
| 653 | _aDVD | ||
| 653 | _aPOLICIAL | ||
| 653 | _aVIDEOS | ||
| 905 | _a38787 | ||
| 942 | _cDVD | ||
| 999 |
_c55102 _d55102 |
||